000 00311nam a2200109Ia 4500
008 201231s9999 xx 000 0 und d
100 _aGill, S S
245 4 _aThe Dynasty: A Polititical biography of the premier ruling family of modern India
260 _aNew Delhi
_bHarper Collins
300 _a568
942 _cBK
999 _c9337
_d9337